000 00840nam a2200217Ii 4500
003 JO-AjNU
008 230605s9999||||xx |||||||||||||| ||und||
017 _a1983/10/521
040 _aJO-AjNU
_bara
_erda
_cJO-AjNU
041 _aara
050 1 4 _aDS119.D3772 1983
100 3 _aتاليف ناصر، درويش,
_eauthor
_97063
245 0 0 _aعملية الدبويا كما يرويها منفذوها
250 _aط2
264 3 1 _aعمان: دار الجليل، 1983
300 _a172ص
_bيشتمل على ملاحق من ص ( 93- 172)، صور توضيحية
336 _atext
_btxt
_2rdacontent
337 _aunmediated
_bn
_2rdamedia
338 _avolume
_bnc
_2rdacarrier
650 4 _aالانتفاضة الفلسطينية 1978-1993- النزاع العربي الاسرائيلي- المقاومة الفلسطينية
_97064
999 _aA89
_c3657
_d3657